| 000 | 00812nam a2200241Ia 4500 | ||
|---|---|---|---|
| 003 | OSt | ||
| 005 | 20221005113402.0 | ||
| 006 | a|||||r|||| 00| 0 | ||
| 007 | ta | ||
| 008 | 221004b |||||||| |||| 00| 0 eng d | ||
| 024 | _a18000 | ||
| 037 |
_bGift, 27/05/2015, _cTextual |
||
| 040 |
_aCRL _cCRL _beng |
||
| 041 |
_2eng _aeng |
||
| 082 | _aO111,1L95x, 153Q1 | ||
| 100 | _aਸੋਢੀ, ਕੇ ਬੀ ਐਸ | ||
| 245 | 0 | _aਇੰਗਲੈ੍ਵਡ ਦਾ ਬਟਾਲਵੀ | |
| 260 |
_aਲੁਧਿਆਣਾ _bਕੇ ੁਬੀ ਐਸ ਸੋਢੀ ਭਾਰਤ _c2011 |
||
| 300 |
_a72ਪੰ _ccm. |
||
| 650 | _aਅੰਗ੍ਰੇਜੀ ਸਾਹਿਤ | ||
| 942 |
_hO111,1L95x, 153Q1 _cTEXL _2cc |
||
| 999 |
_c1028008 _d1028008 |
||